| 000 | 00871nam a2200253 a 4500 | ||
|---|---|---|---|
| 003 | DO-SdBNP | ||
| 005 | 20240228142235.0 | ||
| 007 | ta | ||
| 008 | 220512e2022 dr ||||er|||| 001 0 spa d | ||
| 020 | _a9789945809923 | ||
| 040 |
_aDO-SdBNP _bspa _cBNBPHU |
||
| 082 | 4 | _222 | |
| 100 | 1 |
_aMatos Moquete, Manuel, _d1944- _96349 |
|
| 245 | 1 | 0 |
_aUna mujer despreciada por amar a Dios / _cMarilenny García ; corrector de estilo Jair Sanabria Sánchez, Roberto Alexis de la Cruz |
| 260 |
_aSanto Domingo : _bEl admirable, _c2022 |
||
| 300 |
_a98 p. ; _c21 cm. |
||
| 500 | _aIncluye datos biográficos de la autora en la contracubierta | ||
| 504 | _aBibliografía : p. 98 | ||
| 590 | _aInventariado, 2022 /BT | ||
| 700 | 1 |
_aSanabria Sánchez, Jair, _ecorrector _982016 |
|
| 700 | 1 |
_aCruz, Roberto Alexis de la, _ecorrector _982017 |
|
| 910 | _aBtavárez | ||
| 942 |
_2ddc _cLBS1 |
||
| 999 |
_c51714 _d51714 |
||